000 00382nam a22001577a 4500
005 20260413160045.0
008 160629b xxu||||| |||| 00| 0 eng d
041 _aeng
082 _a791.43
100 _aKumar, Krishan
_98984
245 _aMaking of Coffee House: A Feature Film
260 _bShiv Kala
_c2008
300 _a99
650 _aPublic performances
_98985
942 _cBK
999 _c4759
_d4757